| 000 | 00279nam a22001097a 4500 | ||
|---|---|---|---|
| 999 |
_c17175 _d17175 |
||
| 003 | ASAB | ||
| 005 | 20170615144642.0 | ||
| 008 | 141020t xxu||||| |||| 00| 0 eng d | ||
| 020 | _a978-1-4160-4574-8 | ||
| 040 | _cASAB | ||
| 082 | _a612 | ||
| 100 |
_aJohn E. Hall _9933 |
||
| 245 | _aGuyton and Hall Textbook of Medical Physiology | ||
| 300 | _a000 | ||
| 942 |
_2ddc _cBK |
||